| 000 | 00850nas a2200265 4500 | ||
|---|---|---|---|
| 001 | BR8103390 | ||
| 003 | BR-BrBNA | ||
| 005 | 20231205084751.0 | ||
| 007 | ta | ||
| 008 | 230509b bl.|||p| |||| 00| 00por d | ||
| 040 |
_aBR-BrBNA _bpor _cBiblioteca Nacional de Agricultura |
||
| 041 | _a(Pt) | ||
| 072 | _aF30 | ||
| 100 | 1 | _aCosta, F.L.C. da | |
| 100 | 1 | _aAndo, A. | |
| 245 | 1 | _aUm novo material para pesquisa de genetica: Arabidopsis thaliana (L.)Heynh [Crucifera] | |
| 246 | 1 | _a[A new material for genetic research: Arabidopsis thaliana (L.)Heynh [Cruciferae]] | |
| 650 | _aMelhoramento genetico vegetal | ||
| 650 | _aCrucifera | ||
| 650 | _aGenetica vegetal | ||
| 650 | _aMutacao | ||
| 773 | 0 |
_tAgros (Brazil) _xISSN 0365-2742 _g(1980), v. 15(3) p. 7-20 _wBR8103390 |
|
| 909 |
_a202311 _bLúcia _c55 _dLúcia Elande |
||
| 942 |
_2AGRIS _n0 _cANA |
||
| 999 |
_c107154 _d107154 |
||